| 000 | 00687nam a2200277Ia 4500 | ||
|---|---|---|---|
| 001 | 21726 | ||
| 005 | 20240114000610.0 | ||
| 007 | ta | ||
| 008 | 060308s1904 g b000 u 465 u | ||
| 040 | _aCotton College,Assam | ||
| 041 | _a465 | ||
| 082 |
_a821.47 _bM 642 M |
||
| 100 | _aVerity, A.W. . | ||
| 245 | 0 |
_aMilton`s Sonnets / _cA.W. Verity. _hTextual Documents |
|
| 250 | _a1st ed. / | ||
| 260 |
_aCambridge : _bAt The University Press , _c1904. |
||
| 300 |
_a85p. ; _c18cm. |
||
| 504 | _aIndex | ||
| 653 | _aEnglish | ||
| 653 | _aG-English | ||
| 653 | _aSonnets | ||
| 653 | _aRare-English | ||
| 942 |
_2ddc _cBK |
||
| 999 |
_c21708 _d21708 |
||